| 000 | 00971pam a2200265 a 4500 | ||
|---|---|---|---|
| 001 | 3733341 | ||
| 005 | 20150715123022.0 | ||
| 008 | 810730r19811965ctua b 000 0 eng | ||
| 010 | _a 81013170 | ||
| 020 | _a0313231419 (lib. bdg.) | ||
| 040 |
_aDLC _cDLC _dDLC |
||
| 050 | 1 | 0 |
_aQ175.3 _b.G56 1965 |
| 082 | 0 | 0 |
_a174/.9574 _219 |
| 100 | 1 |
_aGlass, Bentley, _d1906-2005. _918083 |
|
| 245 | 1 | 0 |
_aScience and ethical values / _cby Bentley Glass. |
| 260 |
_aWestport, Conn. : _bGreenwood Press, _c1981, c1965. |
||
| 300 |
_alx, 101 p. ; _bill. ; _c23 cm. |
||
| 440 |
_aScience and ethical values _918084 |
||
| 500 | _aReprint. Originally published: Chapel Hill : University of North Carolina Press, 1965. (The John Calvin McNair lectures) | ||
| 504 | _aIncludes bibliographical references. | ||
| 650 | 0 |
_aScience _xPhilosophy. _918085 |
|
| 830 | 0 |
_aJohn Calvin McNair lectures. _918086 |
|
| 906 |
_a7 _bcbc _corignew _d1 _eocip _f19 _gy-gencatlg |
||
| 942 |
_2lcc _cMONOGRAPH |
||
| 999 |
_c122909 _d122909 |
||